000 00404nam a22001697a 4500
005 20180720130821.0
008 160517b xxu||||| |||| 00| 0 eng d
020 _a81-203-2356-4
041 _aeng
082 _b2526
_a658.3
100 _aGreenberg Jerald
_94594
245 _aBehavior in Organizations
260 _aNew Delhi
_bPHI,
_c2003
300 _a660p,
650 _aManagement
_9241
942 _cBK
999 _c924
_d924